000 00555nam a2200229Ia 4500
001 51251
005 20240114005221.0
007 ta
008 090617s g b000 u Eng u
040 _aCotton College,Assam
041 _aEng
082 _a070
_bIND
245 0 _aIndian Finance Vol. LIV /
_cNo Author.
_hTextual Documents
250 _a1st ed. /
260 _aSl :
_bSn ,
_cNd.
300 _a1000p. ;
_c32 cm..
653 _aJournal
653 _aBV-Economics
942 _2ddc
_cBK
999 _c51216
_d51216